000 00494nam a2200169Ia 4500
003 0100
005 20150407133719.0
008 130303s9999 xx 000 0 und d
040 _cARRUPELIB
050 _aQ175.H27 1958
100 _aHanson, Norwood Russell
_92738
245 _aPatterns of discovery
_bAn inquiry into the conceptual foundations of science
260 _aCambridge
_bCambridge UP
_c1961
300 _a241p
650 _bKnowledge, Theory of
_916901
942 0 0 _01
_2lcc
_cMONOGRAPH
999 _c34950
_d34950